000 00492nam a2200145Ia 4500
008 100204s9999 xx 000 0 und d
082 _b798
100 _aधारप नारायण
245 _aसमर्थाची स्मरणी
260 _b"श्री विशाखा प्रकाशन, पुणे"
_c1976
300 _a118
630 _aसमर्थाची स्मरणी
730 _aसमर्थाची स्मरणी
942 _cBOOK
999 _c445993
_d445990